| 000 | 00734cam a2200157 4500500 | ||
|---|---|---|---|
| 005 | 20260111093033.0 | ||
| 041 | _afre | ||
| 042 | _adc | ||
| 100 | 1 | 0 |
_aSchmid, Lucile _eauthor |
| 245 | 0 | 0 | _aÉditorial. Quand la parole se libère |
| 260 | _c2016. | ||
| 500 | _a73 | ||
| 520 | _aLa régulation du secteur du livre, en France, est simple et efficace : l’éditeur fixe le prix du livre, tandis qu’un mécanisme de médiation permet au marché de s’adapter au numérique. Ce modèle pourrait servir au secteur audiovisuel et réfuter les dogmes du libéralisme. | ||
| 786 | 0 | _nEsprit | Jui | 6 | 2016-06-06 | p. 3-6 | 0014-0759 | |
| 856 | 4 | 1 | _uhttps://shs.cairn.info/revue-esprit-2016-6-page-3?lang=fr&redirect-ssocas=7080 |
| 999 |
_c1625181 _d1625181 |
||